Bienvenue au Catalogue en Ligne des Bibliothèques de l'Universite du Burundi

Conception et développement d'un système automatisé de gestion et de sécurisation des matériels optiques dans les corps de défense et de securité ,base sur un modèle d'analyse formelle (Record no. 54049)

000 -GUIDE
Champ de contrôle de longueur fixe 00986nam a22002177a 4500
003 - IDENTITÉ DU NUMÉRO DE CONTRÔLE
Champ de contrôle BI-BuBU
008 - ÉLÉMENTS DE LONGUEUR FIXE - RENSEIGNEMENTS GÉNÉRAUX
Champ de contrôle de longueur fixe 260619b2025 bd fr|||| 001 0 fre d
037 ## - SOURCE D'ACQUISITION
Source d'acquisition et du numéro d'inventaire don
039 ## - NIVEAU DE CONTRÔLE BIBLIOGRAPHIQUE ET HISTORIQUE D'ENCODAGE [OBSOLETE]
Date creation 20260619100038.0
Nom catalographe Joëlla Nshimirimana
040 ## - SOURCE DU CATALOGAGE
Organisme qui a effectué le catalogage original BI-BuBU
Code de la langue utilisée dans le catalogage fre
Organisme qui a effectué la transcription BI-BuBU
Organisme qui a effectué la modification BI-BuBU
041 0# - CODE DE LANGUE
Code de langue du texte/de la piste sonore ou du titre distinct fre
080 ## - INDICE DE LA CLASSIFICATION DÉCIMALE UNIVERSELLE (CDU)
Indice de la Classification décimale universelle 681.3
100 1# - VEDETTE PRINCIPALE - NOM DE PERSONNE
Code de relation aut.
Nom de personne Niyonkuru,Réverien
245 10 - MENTION DU TITRE
Titre Conception et développement d'un système automatisé de gestion et de sécurisation des matériels optiques dans les corps de défense et de securité ,base sur un modèle d'analyse formelle
Mention de responsabilité, etc. Réverien Niyonkuru, sous la dir.de Jeremie ndikumagenge
260 ## - PUBLICATION, DIFFUSION, ETC. (ADRESSE BIBLIOGRAPHIQUE)
Lieu de publication, diffusion, etc. Bujumbura
Nom de l'éditeur, diffuseur, etc. Université du Burundi,Faculté des Sciences de l'ingenieur
Date of publication, distribution, etc 2025
300 ## - DESCRIPTION MATÉRIELLE
Collation XII-86 cm
Dimensions 30 cm.
502 ## - NOTE DE THÈSE OU MÉMOIRE
Note de thèse Memoire présenté en vue de l'obtention du grade de master en genie informatique
650 #7 - VEDETTE-MATIÈRE - NOM COMMUN
Source du terme BI-BuBU
Vedette de sujet ou vedette comportant un nom géographique système automatise
Subdivision générale Gestion corps de défense et de securité
-- analyse formelle
655 ## - TERME D'INDEXATION - GENRE OU FORME
Source du terme BI-BuBU
942 ## - ÉLÉMENTS D'ENTRÉE ADDITIONNELLE (KOHA)
Source de la classification ou du système de rangement
Type d item koha Memoire
Holdings
Statut de retrait Statut de perte Source de la classification ou du système de rangement Statut de déterioration Exclu du prêt Numéro d item Koha Localisation permanente Localisation actuelle Date d'acquisition Source d'acquisition Nombre de prêts Cote Code-barres Date last seen Prix en vigueur à partir du Type d item koha
          85912 Bibliothèque Centrale Bibliothèque Centrale 19/06/2026 don de l'auteur   681.3 NIY.2025 5010000673093 19/06/2026 19/06/2026 Memoire
© 2019-2026 - Bibliothèques de l'Université du Burundi |Tous droits réservés
home | Pour toute information urgente Contactez nous | tel whatsupp: +25779204313